000 00579nam a2200217 a 4500
001 BS0000333
003 BR-BrBNA
005 20230912164319.0
008 230308b |||||||| |||| 00| 0 por d
040 _aBR-BrBNA
_bpor
_cBiblioteca Nacional de Agricultura
041 _apor
072 _aS86
090 _aS86 BS0000333
100 1 _aMoura, José.
245 1 _aOnde há fumaça, há fogo:
_bcrônicas de uma usina de açúcar /
260 3 _aMaceió:
_bCatavento,
_c2002.
300 _a124 p.
650 _aLITERATURA BRASILEIRA
650 _aCRÔNICA
942 _cBK
_2AGRIS
999 _c5396
_d5396